Clubes que mais venceram campeonatos nacionais da CONMEBOL - Statistics

Estatísticas Gerais
  • Esse quiz foi jogado 254 vezes
  • A pontuação média é 6 de 10
Estatísticas das Respostas
País Vezes que ganhou Campeonato Time % Correto
Brasil 10 Campeonato Brasileiro de Futebol Palmeiras
98%
Argentina 36 Primera División de Argentina River Plate
97%
Chile 31 Primera División de Chile Colo-Colo
72%
Uruguai 50 Primera División de Uruguay Peñarol
65%
Paraguai 40 Primera División de Paraguay Olimpia
61%
Bolívia 29 Primera División de Bolivia Bolívar
59%
Colômbia 15 Categoría Primera A Atlético Nacional
58%
Equador 15 Serie A de Ecuador Barcelona de Guayaquil
43%
Venezuela 11 Primera División de Venezuela Caracas
39%
Peru 26 Torneo Descentralizado de Fútbol Profesional Universitario
29%
Nenhum quiz correspondente encontrado
Distribuição das Pontuações
Porcentagem de Pessoas com Cada Pontuação
Percentil de Números Respondidos
Sua Pontuação Histórica
Você não jogou esse quiz